| 000 | 00665nam a2200193Ia 4500 | ||
|---|---|---|---|
| 003 | GCL | ||
| 008 | 140319s9999 xx 000 0 ara d | ||
| 040 |
_aGCL / _cGCL |
||
| 082 | 0 | 4 |
_aخ _b5000 _bK25 |
| 100 | 1 | _aالهيئة المصرية العامة للمساحة | |
| 245 | 1 | 0 |
_aالقاهرة LE CAIRE K25 مقياس الرسم 1:5000 / _cالهيئة المصرية العامة للمساحة |
| 260 |
_a[S.N] : _bالهيئة المصرية العامة للمساحة |
||
| 490 | _a | ||
| 650 | 0 | 4 | _aالخرائط |
| 650 | 0 | 4 | _aالقاهرة |
| 650 | 0 | 4 | _aترعة الخشاب |
| 650 | 0 | 4 | _aشركة الاسمنت الاهلية |
| 942 |
_2ddc _cBK |
||
| 999 |
_c36328 _d36328 |
||